000 00283nam a2200121 a 4500
005 20141022142007.0
008 081002s19uu xx 00 eng d
050 _aAVM
_bS4 2004
245 _aSpies above.
650 _aVCD.
650 _aSpies above; SCIENCE FICTION
942 _cAVM
999 _c276539
_d276539